Only the Poets - Who's gonna love you [All lyrics] - Statistics

General Stats
  • This quiz has been taken 3 times
  • The average score is 193 of 465
Answer Stats
Answer % Correct
gonna
100%
I
100%
love
100%
who
100%
you
100%
back
67%
be
67%
do
67%
I'm
67%
me
67%
no
67%
not
67%
now
67%
so
67%
some
67%
to
67%
we
67%
when
67%
who's
67%
a
33%
and
33%
as
33%
at
33%
believe
33%
cause
33%
day
33%
door
33%
ever
33%
for
33%
From
33%
head
33%
if
33%
in
33%
it
33%
it's
33%
like
33%
my
33%
of
33%
on
33%
out
33%
tell
33%
that
33%
that's
33%
the
33%
there
33%
this
33%
time
33%
up
33%
we're
33%
with
33%
you'll
33%
your
33%
about
0%
above
0%
all
0%
alone
0%
are
0%
awake
0%
away
0%
bed
0%
beside
0%
'bout
0%
bowl
0%
boy
0%
but
0%
can
0%
can't
0%
daylight
0%
days
0%
dreams
0%
even
0%
far
0%
fell
0%
find
0%
floor
0%
followed
0%
girl
0%
goldfish
0%
goodbye
0%
half
0%
hall
0%
heart
0%
history
0%
home
0%
hope
0%
hopeless
0%
just
0%
know
0%
lay
0%
laying
0%
let
0%
look
0%
looking
0%
memories
0%
never
0%
note
0%
one
0%
prayer
0%
pushing
0%
roads
0%
said
0%
same
0%
save
0%
see
0%
sing
0%
sitting
0%
sleep
0%
stained
0%
stars
0%
stone
0%
take
0%
tales
0%
talking
0%
tear
0%
thinking
0%
those
0%
though
0%
through
0%
tonight
0%
turned
0%
two
0%
untold
0%
used
0%
wake
0%
war
0%
went
0%
winding
0%
world
0%
would
0%
you're
0%
No matching quizzes found
Score Distribution
Percent of People with Each Score
Percentile by Number Answered
Your Score History
You have not taken this quiz